| 000 | 02508nam 22002653 4500 | ||
|---|---|---|---|
| 001 | 199261 | ||
| 010 | _a978-989-693-104-9 | ||
| 021 |
_aPT _b470006/20 |
||
| 090 | _a199261 | ||
| 100 | _a20251126d u||y0pory50 ba | ||
| 101 | _apor | ||
| 102 | _aPT | ||
| 200 |
_aComo lidar com os problemas de comportamento das crianças _eguia para professores, educadores e pais _fVera Ramos |
||
| 205 | _a1ª | ||
| 210 |
_aLisboa _cPactor _d2020 |
||
| 215 |
_aXII, 124 p. _cbrochado _d24 cm |
||
| 330 | _aVivemos hoje numa sociedade demasiado preocupada e ocupada com as responsabilidades que nos exige, com stress e sem tempo para relaxar e, muitas vezes, sem paciência para as crianças. Ser professor(a), educador(a), mãe ou pai, é uma tarefa de muita responsabilidade e, às vezes, bem difícil de gerir. Importa lembrar que a função dos pais não é só educar, mas também dar um bom exemplo. O afeto e a imposição de limites são ingredientes imprescindíveis na educação das crianças. Lidar com a indisciplina é sempre um desafio para quem convive de perto com crianças e adolescentes que, por vezes, adotam comportamentos diferentes apenas com o intuito de chamar a atenção, de dizer o que lhes é importante e o que está em causa. Esta obra, orientada para um público diversificado - professores, educadores e pais - aborda o desenvolvimento comportamental da criança, facilitando a compreensão do comportamento humano que tem influências internas, de personalidade e temperamento, assim como influências externas, como o grupo de pares e os contextos escolares e familiares, enquanto agentes de socialização cruciais para o desenvolvimento saudável das crianças e dos adolescentes. Trata-se de um livro fundamental, baseado na experiência da sua autora como psicóloga escolar, com dicas e estratégias práticas para reduzir comportamentos indisciplinados, contribuindo assim para o desenvolvimento de competências sociais mais assertivas das crianças, enquanto alunos, filhos e cidadãos. UM GUIA REPLETO DE DICAS E ESTRATÉGICAS PARA PROFESSORES E PAIS - Birras - Indisciplina em contexto escolar - Educação inclusiva - Regras: o que fazer e o que não fazer - Técnicas para modelar comportamentos - Parentalidade positiva " | ||
| 606 |
_95170 _aCiências Sociais Educação |
||
| 610 | _aPsicologia educacional | ||
| 675 |
_a37.015 _vPT _zpor |
||
| 675 |
_a159.9 _vPT _zpor |
||
| 700 |
_915154 _aRamos _bVera |
||
| 801 |
_aPT _bBMMN _gRPC |
||
| 830 |
_cAna _fAna |
||
| 990 | _cLIVROS | ||